000 00400nam a22001577a 4500
003 OSt
005 20170323102758.0
008 170323b xxu||||| |||| 00| 0 eng d
020 _a020150359X
040 _cN/A
100 _aPatricia Wieland Ladewig
245 _aEssentials of Maternal-Newborn Nursing
250 _a2nd ed
260 _aNew York
_bAddison Wesley Nursing
_c1990
942 _2lcc
_cBK
999 _c256337
_d256336